the study on silk production in silkisland resort in koh oknha tei commune, khsach kandal district, kandal province, ការសិក្សារអំពីផលិតកម្មសូត្រ នៅក្នុងរមណីយដ្ឋានចម្កាស្នែហ៍ នៅឃុំកោះឧកញ៉តី ស្រុកខ្សាច់កណ្តាល ខេត្តគណ្តាល (Record no. 18859)
[ view plain ]
| 000 -LEADER | |
|---|---|
| fixed length control field | 00799nam a22001577a 4500 |
| 003 - CONTROL NUMBER IDENTIFIER | |
| control field | LRUA |
| 005 - DATE AND TIME OF LATEST TRANSACTION | |
| control field | 20200131145835.0 |
| 008 - FIXED-LENGTH DATA ELEMENTS--GENERAL INFORMATION | |
| fixed length control field | 200131b xxu||||| |||| 00| 0 eng d |
| 040 ## - CATALOGING SOURCE | |
| Transcribing agency | RUA |
| 082 ## - DEWEY DECIMAL CLASSIFICATION NUMBER | |
| Classification number | AED CHH 2018 B657 Or.1 |
| 100 ## - MAIN ENTRY--PERSONAL NAME | |
| 9 (RLIN) | 14155 |
| Personal name | CHHE SOTHEA ឆែ សុធា |
| 245 ## - TITLE STATEMENT | |
| Title | the study on silk production in silkisland resort in koh oknha tei commune, khsach kandal district, kandal province, ការសិក្សារអំពីផលិតកម្មសូត្រ នៅក្នុងរមណីយដ្ឋានចម្កាស្នែហ៍ នៅឃុំកោះឧកញ៉តី ស្រុកខ្សាច់កណ្តាល ខេត្តគណ្តាល |
| 260 ## - PUBLICATION, DISTRIBUTION, ETC. (IMPRINT) | |
| Place of publication, distribution, etc. | RUA |
| Name of publisher, distributor, etc. | Phnom penh |
| Date of publication, distribution, etc. | 2918 |
| 300 ## - PHYSICAL DESCRIPTION | |
| Extent | ix;43p |
| Other physical details | ill; |
| Dimensions | 29cm |
| 942 ## - ADDED ENTRY ELEMENTS (KOHA) | |
| Source of classification or shelving scheme | |
| Koha item type | AED |
| Price effective from | Date last seen | Permanent Location | Not for loan | Date acquired | Source of classification or shelving scheme | Koha item type | Lost status | Withdrawn status | Date last checked out | Total Checkouts | Shelving location | Damaged status | Barcode | Current Location | Full call number |
|---|---|---|---|---|---|---|---|---|---|---|---|---|---|---|---|
| 2020-01-31 | 2022-01-03 | Library Block B | 2020-01-31 | AED | 2021-12-13 | 2 | B657 | A063198 | Library Block B | AED CHH 2018 B657 Or.1 | |||||
| 2020-01-31 | 2020-01-31 | Library Block B | 2020-01-31 | AED | B657 | A43103 | Library Block B | AED CHH 2018 B657 Or.2 | |||||||
| 2020-01-31 | 2020-01-31 | Library Block B | 2020-01-31 | AED | B657 | A063658 | Library Block B | AED CHH 2018 B657 Or.3 | |||||||
| 2020-01-31 | 2023-11-06 | Library Block B | 2020-01-31 | AED | 2023-10-24 | 1 | B657 | A063114 | Library Block B | AED CHH 2018 B657 Or.14 | |||||
| 2020-01-31 | 2025-01-20 | Library Block B | 2020-01-31 | AED | 2025-01-09 | 3 | B657 | A063334 | Library Block B | AED CHH 2018 B657 Or.5 | |||||
| 2020-01-31 | 2020-01-31 | Library Block B | 2020-01-31 | AED | B657 | A064288 | Library Block B | AED CHH 2018 B657 Or.6 |